| 000 | 00623nam a2200205 a 4500 | ||
|---|---|---|---|
| 005 | 20240911063725.0 | ||
| 008 | 991125s1978 mx 000 0 spa u | ||
| 020 | _a9682300371 | ||
| 035 | _aUPN01000054476 | ||
| 049 | _aCG | ||
| 050 | 4 |
_aHN110.5 A44 _bT6.88 |
|
| 100 | 1 |
_aTouraine, Alain, _d1925- |
|
| 245 | 1 | 4 |
_aLas sociedades dependientes / _cpor Alain Touraine ; tr. Tununa Mercado. |
| 260 |
_aMéxico : _bSiglo XXI, _c1978. |
||
| 300 | _a238 p. | ||
| 440 | 0 | _aSociología y política | |
| 650 | 4 |
_aCLASES SOCIALES - _zAMERICA LATINA _98991 |
|
| 651 | 2 |
_aAmérica Latina _xCondiciones sociales _92836 |
|
| 905 | _aLibro | ||
| 999 |
_c54476 _d54476 |
||